00726nam a22001937a 450000500170000000800410001705000220005810000190008024501040009925000110020326000610021430000210027549000240029650400320032060000330035265100560038565100530044170000380049420191008102318.0751216s1975 mx b 000 0bspa 04aF1233.5bL86 19751 aLuna, Jesús.13aLa carrera pública de don Ramón Corralc / Jesús Luna ; traducción de Antonieta S. de Hope. a1a ed. aMéxico :bSecretaría de Educación Pública,c1975 a182 p. ;c17 cm.0 aSepSetentas ; v187 aBibliografía: p. 172-182.10aCorral, Ramón,d1854-1912. 72lembaMéxicoxCondiciones económicasy1867-1910 72lembaMéxicoxCondiciones sociales y1867-19101 aS. de Hope, Antonietaetraductor